Sports Quiz

Random Sports Quiz

Vuelta a España 2013 Stage winners Quiz Stats

 Plays Quiz not verified by Sporcle

Support Sporcle.
Go Orange.
Score 0/21 Timer 04:00
0 Plays Today
Stage Stage winner % Correct
Stage 3Chris Horner
96.6%
Stage 10Chris Horner
96.6%
Stage 11 (Individual time trial)Fabian Cancellara
85.3%
Stage 19Joaquin Rodriguez
84.5%
Stage 1 (Team time trial)Astana
79.3%
Stage 4Daniel Moreno
72.4%
Stage 9Daniel Moreno
72.4%
Stage 13Warren Barguil
72.4%
Stage 16Warren Barguil
72.4%
Stage 2Nicolas Roche
69.8%
Stage 5Michael Matthews
69.8%
Stage Stage winner % Correct
Stage 21Michael Matthews
69.8%
Stage 20Kenny Elissonde
62.9%
Stage 12Philippe Gilbert
57.8%
Stage 17Bauke Mollema
55.2%
Stage 15Alexandre Geniez
47.4%
Stage 7Zdenek Stybar
45.7%
Stage 8Leopold Konig
45.7%
Stage 6Michael Morkov
43.1%
Stage 14Daniele Ratto
43.1%
Stage 18Vasil Kiryienka
37.1%

You're not logged in!

Compare scores with friends on all Sporcle quizzes.
OR
Log In

From the Vault

NFL Pro Bowl Kickers

by mabeuf

It's too bad that Ray Finkle retired from the NFL in the '80s.
Remove Ads.
Support Sporcle.
Get the best of Sporcle when you Go Orange. This ad-free experience offers more features, more stats, and more fun while also helping to support Sporcle. Thank you for becoming a member.

Show Comments

Extras

Created Sep 19, 2013ReportNominate
Tags:Bicycle, Vuelta

Top Quizzes Today


Score Distribution

Your Account Isn't Verified!

In order to create a playlist on Sporcle, you need to verify the email address you used during registration. Go to your Sporcle Settings to finish the process.

Report this User

Report this user for behavior that violates our Community Guidelines.

Details: